Manuel Montt y Domingo Faustino Sarmiento. Epistolario 1833 - 1888
Guardat en:
| Autors principals: | , |
|---|---|
| Altres autors: | |
| Format: | Llibre |
| Idioma: | espanyol |
| Publicat: |
Santiago
DIBAM
1999
Santiago LOM Ediciones 1999 |
| Edició: | 1a. ed |
| Col·lecció: | Fuentes para la Historia de la República, XIV
|
| Matèries: | |
| Etiquetes: |
Afegir etiqueta
Sense etiquetes, Sigues el primer a etiquetar aquest registre!
|
MARC
| LEADER | 00000nam a2200000 a 4500 | ||
|---|---|---|---|
| 001 | UCJ7321 | ||
| 003 | CL-VaPUC | ||
| 005 | 20230415074407.0 | ||
| 008 | 070124e19990000cl |||||||||||||||||spa|d | ||
| 999 | |c 323416 |d 323414 | ||
| 040 | |c Pontificia Universidad Católica de Valparaíso | ||
| 082 | 0 | 4 | |a 983 |b VER |2 21 |
| 100 | 0 | |a Vergara Quiroz, Sergio |e author |9 515624 | |
| 245 | 1 | 0 | |a Manuel Montt y Domingo Faustino Sarmiento. Epistolario 1833 - 1888 |
| 246 | 1 | 0 | |a Estudio, selección y notas: Sergio Vergara Quiroz |
| 250 | |a 1a. ed | ||
| 260 | |a Santiago |b DIBAM |c 1999 | ||
| 260 | |a Santiago |b LOM Ediciones |c 1999 | ||
| 300 | |a 227 p | ||
| 490 | 0 | |a Fuentes para la Historia de la República, XIV | |
| 500 | |a Iconografía e ilustraciones sin indizar | ||
| 583 | |a last modification |c 20171010 11:17:39 |k Rodrigo Vera | ||
| 650 | 7 | |a BIOGRAFIA |2 CL-VaPUC |9 504622 | |
| 650 | 0 | |a Correspondencia |9 258963 | |
| 650 | 0 | |a Fuentes Históricas |9 265141 | |
| 650 | 0 | |a Iconografía |9 267998 | |
| 650 | 0 | |a Ilustraciones |9 369481 | |
| 650 | 0 | |a Historia de Chile |9 265473 | |
| 700 | |a Montt Torres, Manuel |e autor |9 867073 | ||
| 700 | |a Sarmiento, Domingo Faustino |e author |9 311947 | ||
| 942 | |c BK |2 ddc | ||
| 945 | |d 20070124 00:00:00 |a rinostro | ||
| 952 | |0 0 |1 0 |4 0 |6 983_000000000000000_VER_1999_1999 |7 0 |8 X |9 402991 |a FDOBUD |b FDOBUD |d 2019-11-22 |i 1061569 |o 983 VER 1999 1999 |p 1061569 |r 2019-11-22 |w 2019-11-22 |y BK_X |k BUD | ||